000 00344nam a2200145Ia 4500
008 210210b1924 xxu||||| |||| 00| 0 eng d
041 _aeng
082 _a869/323
100 _aTRIPATI (Ram Naresh)
245 _aLakshmi
260 _aPrayAg
_bIndian Press Pvt Ltd.,
_c1924
650 _aLakshmi
690 _aHindi Fiction
906 _a024122
999 _c149084
_d149084